01499nam a2200193Ia 4500001075000000002005100750008003700801010001100838530002200849650008600871650002200957650009500979700005401074700005001128700003701178700005201215942001901267999001901286IA_El grado de transformación puede variar, desde las actividades de limpieza y clasificación, de frutas por ejemplo, pasando por procesos como molienda, mezclado, cocción, deshidratación, pasteurización, hasta alteraciones químicas (Austin, 1992). Aloe vera has been used since antiquity, mainly by the Egyptians who used it as a moisturizer and disinfectant, the peoples of Africa was used for medicinal purposes. The medicinal properties are attributed to aloe are as healing, bactericide, etching, relieves stomach upsets, helps blood circulation. The degree of processing may vary from the cleanup and sorting fruit for example, through processes such as grinding, mixing, cooking, drying, pasteurization, to chemical alterations.ESTUDIO DE FACTIBILIDAD TECNICO-ECONOMICO Y MANUAL220117s xx 000 0 und d a185550 aDisponible en PDF 0aAgricultural industryxGood manufacturing practiceszMéxicozGuanajuato9159615 aAloe vera 94554 0aIndustria agrícolaxBuenas prácticas de fabricaciónz MéxicozGuanajuato 9159616 aEspejel Zaragoza, José Alfredo, asesor 9163665 aJiménez Sánchez, Armando, coaut. 91596171 aPonce Hernández, Pedro9147918 aSzymanski Duque, Rosa Guadalupe, asesor9163701 cTESIS C37 2015 c185550d185550